000 00491cam a2200181ua 4500
020 _a81 203 0999 5
_c150.00
041 _aeng
_h
082 _a005.369
_bMCF/CO
100 _aMcfedries, Paul .
245 _aComplete idiot`s guide to word perfect /
_cPaul Mcfedries.
_hTextual Documents
250 _a2 /
_b.
260 _aNew Delhi :
_bPrentice Hall of India Pvt Ltd. ,
_c1996.
300 _a347 ; .
365 _a150.00
504 _a
942 _cBK
999 _c9534
_d9534